Đánh giá tải lượng ô nhiễm nhà máy bia Sài Gòn - Tây Đô Luận văn đại học chuyên ngành Kỹ thuật môi trường
Đánh giá tải lượng ô nhiễm và hiệu suất xử lý nước thải công ty bia Sài Gòn Tây Đô, cung cấp nguồn số liệu đáng tin cậy ứng dụng vào thiết kế hệ thống xử lý nước thải cho nhà máy này...
Sparad:
| Huvudupphovsman: | |
|---|---|
| Materialtyp: | Bok |
| Språk: | Undetermined |
| Publicerad: |
Cần Thơ
Trường Đại học Cần Thơ
2011
|
| Ämnen: | |
| Taggar: |
Lägg till en tagg
Inga taggar, Lägg till första taggen!
|
| Thư viện lưu trữ: | Trung tâm Học liệu Trường Đại học Cần Thơ |
|---|
| LEADER | 01136nam a2200229Ia 4500 | ||
|---|---|---|---|
| 001 | CTU_178561 | ||
| 008 | 210402s9999 xx 000 0 und d | ||
| 082 | |a 363.7394 | ||
| 082 | |b Nh550 | ||
| 088 | |a 1080802 | ||
| 100 | |a Huỳnh, Cẩm Như | ||
| 245 | 0 | |a Đánh giá tải lượng ô nhiễm nhà máy bia Sài Gòn - Tây Đô | |
| 245 | 0 | |b Luận văn đại học chuyên ngành Kỹ thuật môi trường | |
| 245 | 0 | |c Huỳnh Cẩm Như, Nguyễn Thị Chen; Phan Thanh Thuận (Hướng dẫn khoa học) | |
| 260 | |a Cần Thơ | ||
| 260 | |b Trường Đại học Cần Thơ | ||
| 260 | |c 2011 | ||
| 520 | |a Đánh giá tải lượng ô nhiễm và hiệu suất xử lý nước thải công ty bia Sài Gòn Tây Đô, cung cấp nguồn số liệu đáng tin cậy ứng dụng vào thiết kế hệ thống xử lý nước thải cho nhà máy này | ||
| 650 | |a Water,Nước | ||
| 650 | |x Pollution,Ô nhiễm | ||
| 910 | |a Nguyên | ||
| 980 | |a Trung tâm Học liệu Trường Đại học Cần Thơ | ||